000 00788cam a22002657a 4500
003 CHAP
005 20220329134021.0
008 971013s1979 r 00010 d
010 _a14157
011 _a15129
035 _a19203
040 _cCHAP
082 _a690.515
_bB4Y
100 0 0 _aBell, L.
_911366
245 1 3 _aLa concepción de los edificios de archivos en países tropicales
260 _aParis :
_bUNESCO,
_c1979
300 _a189 p.
_b: ilus. ; gráfs.
590 _aBATCH-UPD
_b10
_c20130110
_lUCH01
_h2246
590 _aCONVERSION
_b10
_c20130109
_lUCH01
_h1309
650 1 4 _aArchivos
_xArquitectura.
_96806
700 0 _aFayes, B.
_939883
901 _aBK
942 _cLIBRO
949 _a690.515 B4Y
_bBC
_cLIBRO
_d33724000108122
_eLIBRO
_gI. 130612
_h69502
_i19203
_si
_t3.12
999 _c14157
_d14157